000 01174nam a22002657a 4500
003 PE SENCICO BE
005 20251020182640.0
008 230714b |||||||| |||| 00| 0 eng d
040 _aPE SENCICO BE
_cPE SENCICO BE
041 _aspa
084 _aI
_aLAB
_a2014
_bB21
100 1 _91254
_aBances Herrera, Gustavo Damián
_eautor
245 1 _aControl de calidad en agregados con fines de diseño de mezclas asfáltico /
_cGustavo Damián Bances Herrera
260 _aLima :
_c2014
300 _a70 h. :
_bil. col., diagrs. ;
_c29 cm.
502 _aMonografía de Titulación.-- Servicio Nacional de Capacitación para la Industria de la Construcción. Escuela Superior Técnica. Carrera Profesional Técnica en Laboratorio de Suelos, Concreto y Asfalto, 2014.
504 _aBibliografía. h. 70
650 1 4 _91255
_aMezclas asfálticas
650 2 4 _9485
_aControl de calidad
650 2 4 _91256
_aTécnicas y procedimientos de laboratorio
650 2 0 _aAgregados (Materiales de construcción)
_91257
710 1 _aServicio Nacional de Capacitación para la Industria de la Construcción.
_bEscuela Superior Técnica
_91065
910 _bhfp
_chfp
942 _cMON
999 _c4257
_d4257